Estatísticas para Os 15 principais países com mortes por Covid19 - 22 de dezembro 2021

Clique aqui para jogar o quiz

Estatísticas Gerais

  • Esse quiz foi jogado 10 vezes
  • A pontuação média é 15 de 27

Estatísticas das Respostas

país% Correto
Estados Unidos
100%
França
100%
Itália
100%
Rússia
100%
Brasil
90%
Reino Unido
90%
Alemanha
80%
Argentina
80%
Índia
80%
Colômbia
70%
México
70%
Irão
60%
Peru
60%
Bulgária
50%
Indonésia
50%
Hungria
40%
Romênia
40%
Ucrânia
40%
Chéquia
30%
Croácia
30%
Eslováquia
30%
Eslovénia
30%
Lituânia
30%
Bósnia e Herzegovina
20%
Armênia
10%
Geórgia
10%
Macedónia do Norte
10%

Distribuição das Pontuações

Percentil de Números Respondidos

Porcentagem de Pessoas com Cada Pontuação

Sua Pontuação Histórica

Você não jogou esse quiz